| 000 | 01090aam a2200313 a 4500 | ||
|---|---|---|---|
| 001 | 001335017 | ||
| 003 | AR-RoUNSC | ||
| 005 | 20251126141534.0 | ||
| 008 | 150406s2024 ag gr 000 f spa | ||
| 020 | _a978-987-566-928-4 | ||
| 040 |
_aAR-BaBN _bspa _cAR-RoUNCS _eaacr |
||
| 041 | 1 |
_aspa _heng |
|
| 044 |
_aag _car-c |
||
| 080 | 1 |
_a82-31(410.1) _22016 |
|
| 100 | 1 |
_aOrwell, George, _d1903-1950 _eautor _4aut |
|
| 245 | 1 | 0 |
_a1984 / _cGeorge Orwell ; epílogo de Thomas Pynchon ; traducción de Miguel Temprano García. |
| 246 | 2 | 3 | _aMil novecientos ochenta y cuatro |
| 250 | _a18a ed. bajo este sello en la Argentina. | ||
| 260 |
_aBuenos Aires : _bDebolsillo, _c2024. |
||
| 300 |
_a349 p. ; _c20 cm. |
||
| 490 | 1 | _aContemporánea | |
| 504 | _aReferencias bibliográficas del "Epílogo": p. [350]. | ||
| 650 | 7 |
_2embne _aLITERATURA INGLESA _ySIGLO XX |
|
| 655 | 7 |
_2embne _aNOVELA DISTÓPICA |
|
| 700 | 1 |
_aPynchon, Thomas, _d1937- _eautora de epílogo _4aft |
|
| 700 | 1 |
_aTemprano García, Miguel, _d1968- _etraductor _4trl |
|
| 830 | 0 | _aContemporánea (Debolsillo) | |
| 942 |
_2udc _cLPD _n0 |
||
| 999 |
_c782 _d782 |
||